Fast Typing - Spell Backwards - Statistics

General Stats
  • This quiz has been taken 3,496 times
    3,488 since last reset
  • The average score is 7 of 10
Answer Stats
Word Spelt Backwards % Correct
Live Evil
100%
Rats Star
99%
Swap Paws
98%
Devil Lived
96%
Straw Warts
91%
Diaper Repaid
80%
Reward Drawer
64%
Gateman Nametag
50%
Desserts Stressed
39%
Semordnilap Palindromes (Did you figure out what we did here! :-)
24%
No matching quizzes found
Score Distribution
Percent of People with Each Score
Percentile by Number Answered
Your Score History
You have not taken this quiz since the last reset